00781 2200265 4500001002100000005001500021035002500036090002000061245006400081250001800145260003700163300004100200008004100241020001800282040001700300082001700317084001900334100003000353650002900383700003100412850001200443999002000455990002000475990002000495YOGYA00000000004217620250623093753 a0010-081400000041894 aCB-D.11 1995-9510aTotal quality management /cFandy Tjiptono, Anastasia Diana aEd. 1, cet. 131aYogyakarta :bAndi Offset,c1995 axiii, 353 halaman :bgambar ;c23 cm130829s1995 yoia g 00 0 ind d a979-533-253-8 aYOPDYOGbind04223a658.4013 a658.4013 FAN t0 aFandy TjiptonoePengarang 4aManajemen kualitas total0 aAnastasia DianaePengarang aYOPDYOG aCB-D.11/1995-95 aCB-D.11/1995-95 aCB-D.11/1995-95